000 00757nam a22001935i 4500
001 48059
003 ES-MaACL
005 20230906161703.0
007 t|
008 950928s1846 sp ||||1| spa d
080 _a358.23(460)
245 0 0 _aEstado del Cuerpo de Ingenieros del Ejército en 1º de enero de 1846.
260 _aMadrid :
_b[s.n.],
_c1846 (
_fImp. de Don Benito Lamparero y Compañía)
300 _a108 p., [3] h. de lám. ;
_c21 cm.
530 _aDisponible en formato digital.
610 1 _aEspaña.
_bCuerpo de Ingenieros del Ejército.
_93681
852 4 _aES-MaACL
_jG-1608(1)
_z- Enc. con otras obras
856 4 _uhttp://bibliotecavirtualdefensa.es/BVMDefensa/es/consulta/registro.do?id=10000047835
_zBiblioteca Virtual de Defensa
999 _c48059
_d48059